000 00369nam a2200133Ia 4500
008 220217s9999||||xx |||||||||||||| ||und||
020 _a9789380856421
082 _a005.13 MAl
100 _aMallick, Pradeepkumar
_98174
245 0 _aProgramming in C
260 _aUniversity press
_bNew Delhi
_c2011
300 _aXI, 349p.
_b220
650 _aPROGRAMMING LANGUAGE
999 _c182898
_d182898